| 000 | 01270cam a22003497a 4500 | ||
|---|---|---|---|
| 001 | 15362011 | ||
| 003 | OSt | ||
| 005 | 20180116192414.0 | ||
| 008 | 080710s2007 enka b 001 0 eng | ||
| 010 | _a 2008298005 | ||
| 015 |
_aGBA788245 _2bnb |
||
| 016 | 7 |
_a014235267 _2Uk |
|
| 020 | _a9780500342428 (hbk.) | ||
| 020 | _a0500342423 (hbk.) | ||
| 035 | _a(OCoLC)ocn180471343 | ||
| 040 |
_aUKM _cUKM _dBAKER _dBTCTA _dYDXCP _dBWKUK _dBWK _dBWX _dDLC |
||
| 042 | _alccopycat | ||
| 050 | 0 | 0 |
_aNA680 _b.O94 2007 |
| 082 | 0 | 4 |
_a724.6 _222 |
| 100 | 1 |
_aOvery, Paul, _d1940-2008. _96380 |
|
| 245 | 1 | 0 |
_aLight, air & openness : _bmodern architecture between the wars / _cPaul Overy. |
| 246 | 3 | _aLight, air and openness | |
| 260 |
_aLondon : _bThames & Hudson, _c2007. |
||
| 300 |
_a256 p. : _bill. ; _c26 cm. |
||
| 504 | _aIncludes bibliographical references (p. 223-250) and index. | ||
| 650 | 0 |
_aArchitecture, Modern _y20th century. _96381 |
|
| 856 | 4 | 1 |
_3Table of contents only _uhttp://www.loc.gov/catdir/toc/fy0805/2008298005.html |
| 906 |
_a7 _bcbc _ccopycat _d2 _encip _f20 _gy-gencatlg |
||
| 942 |
_2ddc _cBK |
||
| 999 |
_c353660 _d353660 |
||